<?xml version="1.0" encoding="UTF-8"?>
<record
    xmlns:xsi="http://www.w3.org/2001/XMLSchema-instance"
    xsi:schemaLocation="http://www.loc.gov/MARC21/slim http://www.loc.gov/standards/marcxml/schema/MARC21slim.xsd"
    xmlns="http://www.loc.gov/MARC21/slim">

  <leader>00673nam a2200169   4500</leader>
  <controlfield tag="003">BD-RjUL</controlfield>
  <controlfield tag="005">20221110130738.0</controlfield>
  <controlfield tag="008">221110s1943    ii ||||| |||| 00| 0 ara d</controlfield>
  <datafield tag="035" ind1=" " ind2=" ">
    <subfield code="a">(BD-RjUL)</subfield>
  </datafield>
  <datafield tag="040" ind1=" " ind2=" ">
    <subfield code="a">BD-RjUL</subfield>
    <subfield code="b">eng</subfield>
    <subfield code="c">BD-RjUL</subfield>
  </datafield>
  <datafield tag="041" ind1=" " ind2=" ">
    <subfield code="a">ara</subfield>
  </datafield>
  <datafield tag="082" ind1=" " ind2=" ">
    <subfield code="2">23</subfield>
    <subfield code="a">340.59</subfield>
    <subfield code="b">MAS 1943</subfield>
  </datafield>
  <datafield tag="100" ind1=" " ind2=" ">
    <subfield code="a">Ma&#x1E25;b&#x16B;b&#x12B;, Ubayd All&#x101;h ibn Mas&#x2BB;&#x16B;d </subfield>
    <subfield code="9">5789</subfield>
  </datafield>
  <datafield tag="245" ind1="1" ind2="0">
    <subfield code="a">&#x634;&#x631;&#x62D; &#x627;&#x644;&#x648;&#x642;&#x627;&#x64A;&#x629;. &#x645;&#x639; &#x62D;&#x627;&#x634;&#x64A;&#x629; &#x639;&#x645;&#x62F;&#x629; &#x627;&#x644;&#x631;&#x639;&#x627;&#x64A;&#x629; # #  Shar&#x1E25; al-wiq&#x101;yah. Ma&#x2BB;a &#x1E25;&#x101;shiyat &#x2BB;Umdat al-ri&#x2BB;&#x101;yah/</subfield>
    <subfield code="c">&#x62A;&#x62D;&#x62A; &#x627;&#x62F;&#x627;&#x631;&#x629; &#x645;&#x62D;&#x645;&#x62F; &#x627;&#x633;&#x62D;&#x627;&#x642; &#x627;&#x644;&#x646;&#x627;&#x638;&#x645;., &#x2BB;Ubayd All&#x101;h ibn Mas&#x2BB;&#x16B;d Ma&#x1E25;b&#x16B;b&#x12B;, , </subfield>
  </datafield>
  <datafield tag="650" ind1=" " ind2=" ">
    <subfield code="a">Islamic law Interpretation and construction</subfield>
    <subfield code="9">5790</subfield>
  </datafield>
  <datafield tag="942" ind1=" " ind2=" ">
    <subfield code="2">ddc</subfield>
    <subfield code="c">BK</subfield>
  </datafield>
  <datafield tag="999" ind1=" " ind2=" ">
    <subfield code="c">80751</subfield>
    <subfield code="d">80751</subfield>
  </datafield>
  <datafield tag="952" ind1=" " ind2=" ">
    <subfield code="0">0</subfield>
    <subfield code="1">0</subfield>
    <subfield code="2">ddc</subfield>
    <subfield code="4">0</subfield>
    <subfield code="7">1</subfield>
    <subfield code="8">NFIC</subfield>
    <subfield code="a">RUCL</subfield>
    <subfield code="b">RUCL</subfield>
    <subfield code="c">Reading</subfield>
    <subfield code="d">1977-01-19</subfield>
    <subfield code="l">0</subfield>
    <subfield code="o">A 340.59 MAS V-1 1943</subfield>
    <subfield code="r">2022-11-10 00:00:00</subfield>
    <subfield code="t">C-1</subfield>
    <subfield code="w">2022-11-10</subfield>
    <subfield code="y">BK</subfield>
  </datafield>
</record>
